<?xml version="1.0" encoding="UTF-8"?>
<marc:record xmlns:marc="http://www.loc.gov/MARC21/slim">
   <marc:leader>00000nam a2200000 a 4500</marc:leader>
   <marc:datafield ind1="1" ind2=" " tag="100">
      <marc:subfield code="a">Förg, Nicola</marc:subfield>
      <marc:subfield code="4">aut</marc:subfield>
      <marc:subfield code="e">Verfasser/-in</marc:subfield>
   </marc:datafield>
   <marc:datafield ind1="0" ind2="0" tag="245">
      <marc:subfield code="a">Schroffe Klippen</marc:subfield>
   </marc:datafield>
   <marc:datafield ind1=" " ind2="1" tag="264">
      <marc:subfield code="b">Piper Verlag GMbH</marc:subfield>
      <marc:subfield code="c">2026</marc:subfield>
   </marc:datafield>
   <marc:datafield ind1="1" ind2=" " tag="490">
      <marc:subfield code="a">Irmi Mangold</marc:subfield>
   </marc:datafield>
   <marc:datafield ind1="1" ind2=" " tag="520">
      <marc:subfield code="a">Suizid, Unfall oder Mord? Geht es um Neid. Rache oder ein dunkles Geheimnis?
Eine junge Frau, tot in der Gischt am Fuße schroffer Klippen! Irmis Mitbewohnerin Luise kannte das Opfer und glaubt nicht an einen Unfall. Sie bittet Irmi um Hilfe. die wider willig nach Irland reist. Erst als sie erfährt, dass die Teenager-Tochter der Verstorbenen auch noch spurlos verschwunden ist, erwacht ihr Ermittlergeist. Sie und der pfiffige schottische Student Malcolm, mit dem sie bereits einen kniffligen Fall lösen konnte, stoßen auf viele Verdächtige - darunter skrupellose Greyhound-Züchter. Und was hat ein schwer verletzter Flüchtling mitten in einem mystischen Steinkreis mit dem Ganzen zu tun? Der komplexe Fall lässt Irmi nicht mehr los.
</marc:subfield>
   </marc:datafield>
   <marc:datafield ind1=" " ind2=" " tag="020">
      <marc:subfield code="a">9783492067270</marc:subfield>
      <marc:subfield code="9">9783492067270</marc:subfield>
   </marc:datafield>
</marc:record>
